Statistics for Countries with the Most Paramilitary Troops

Click here to take the quiz!

General Stats

  • This quiz has been taken 13 times
  • The average score is 9 of 15

Answer Stats

Paramilitary TroopsAnswer% Correct
660,000China
92%
554,000Russia
92%
397,000Egypt
85%
5,889,000North Korea
85%
395,000Brazil
77%
2,526,950India
77%
291,000Pakistan
69%
3,013,500South Korea
69%
280,000Indonesia
62%
187,200Algeria
54%
187,900Colombia
46%
220,000Venezuela
38%
1,146,500Cuba
31%
267,000Malaysia
31%
175,750Italy
8%

Score Distribution

Percentile by Number Answered

Percent of People with Each Score

Your Score History

You have not taken this quiz